Bilecik Bilecik Bilecik Bilecik Bilecik
Normal view MARC view

Entry Toplantı Adı

Number of records used in: 1

001 - KONTROL NUMARASI

  • Kontrol alanı: 37599

003 - KONTROL NUMARASI KİMLİĞİ

  • Kontrol alanı: TR-BiSEU

005 - SON İŞLEM TARİHİ VE ZAMANI

  • Kontrol alanı: 20260207002056.0

008 - SABİT UZUNLUKTAKİ VERİ ÖGELERİ - GENEL BİLGİ

  • Sabit uzunlukta kontrol alanı: 260207|| aca||aabn | a|a d

040 ## - KATALOGLAMA KAYNAĞI

  • Özgün kataloglama kurumu: TR-BiSEU
  • Çeviri kurumu: TR-BiSEU

111 ## - KONU BAŞLIKLARI - TOPLANTI ADI

  • Toplantı adı: 1. Ormancılık şurası : kararlar

670 ## - BİLGİNİN KAYNAĞI

  • Bilginin alındığı kaynak: KOHA: (TR-BiSEU)16178: 1. Ormancılık şurası : kararlar, 1. Ormancılık şurası :